El cierre 2023, para las empresas y los empleados, del impuesto a las ganancias y bienes personales (Registro nro. 35962)

Detalles MARC
000 -LEADER
fixed length control field 00369 a2200109 4500
001 - CONTROL NUMBER
control field ART_60534
005 - DATE AND TIME OF LATEST TRANSACTION
control field 20260410162053.0
008 - FIXED-LENGTH DATA ELEMENTS--GENERAL INFORMATION
fixed length control field 260409a
100 1# - MAIN ENTRY--PERSONAL NAME
Personal name Ceteri, José Luis
245 10 - TITLE STATEMENT
Title El cierre 2023, para las empresas y los empleados, del impuesto a las ganancias y bienes personales
773 0# - HOST ITEM ENTRY
Title Impuestos
Related parts - N° 168 (mar. 2024)
Record control number REV45175

No hay ítems disponibles.